000 00303nam a2200109Ia 4500
008 200302s9999 xx 000 0 und d
100 _aDipl.-Ing And Other
245 _aSpecial Deep Foundation Compendium Methods and Equipment
260 _bLiebherr-Werk Nenzing Gmbh
260 _c2008
300 _aR-10/10
999 _c3600
_d3600